Η τηλεόραση και το κοινό της
Αποθηκεύτηκε σε:
| Κύριος συγγραφέας: | |
|---|---|
| Μορφή: | Βιβλίο |
| Γλώσσα: | Greek |
| Δημοσίευση: |
Αθήνα :
Καστανιώτη,
2000.
|
| Σειρά: | Επικοινωνία και κοινωνία
|
| Θέματα: | |
| Ετικέτες: |
Προσθήκη ετικέτας
Δεν υπάρχουν, Καταχωρήστε ετικέτα πρώτοι!
|
MARC
| LEADER | 00000nam a2200000 i 4500 | ||
|---|---|---|---|
| 001 | 1/70861 | ||
| 008 | 050210s2000 gr | ||| |||| ||gre|| | ||
| 020 | |a 9600327068 | ||
| 035 | |l 10076356 | ||
| 040 | |a GR-MyUa |b gre |e AACR2 | ||
| 041 | 0 | |a gre | |
| 082 | 7 | |a 302.2345 |2 (21) | |
| 100 | 1 | |a Παπαθανασόπουλος, Στέλιος. | |
| 245 | 1 | 2 | |a Η τηλεόραση και το κοινό της / |c Στέλιος Παπαθανασόπουλος. |
| 260 | |a Αθήνα : |b Καστανιώτη, |c 2000. | ||
| 300 | |a 241 σ. : |b εικ. ; |c 24 εκ. | ||
| 490 | 1 | |a (Επικοινωνία και κοινωνία) | |
| 504 | |a Περιέχει βιβλιογραφικές σημειώσεις, παράρτημα και ευρετήριο. | ||
| 650 | 0 | |a Television broadcasting |x Social aspects. | |
| 830 | 0 | |a Επικοινωνία και κοινωνία | |
| 852 | |a INST |b SAMOS |e 20050210 |h 302.2345 ΠΑΠ |p 005300022575 |q 005300022575 |t BK |y 0 | ||
| 901 | |a BIBL3-2005-1 | ||
| 922 | |a 3ΕΛΗ |b 200411 |c ΚΥΒ / Βιβλιοθήκη |d Παπαγεωργίου | ||
| 950 | |a 127-2004-11-04 | ||
| 970 | |a Κοσιέρης |b Χρήστος |z 10/02/2005 | ||